[Event "Oberliga Wuerttemberg 2324"]
[Site "Wuerttemberg"]
[Date "2024.04.14"]
[Round "9.3"]
[White "Oberst, Thomas"]
[Black "Peng, Xiang Tobias"]
[Result "0-1"]
[WhiteElo "2227"]
[BlackElo "2119"]
[PlyCount "92"]
[EventDate "2023.09.17"]
[EventType "team-tourn"]
[EventRounds "9"]
[EventCountry "GER"]
[SourceTitle "EXT 2025"]
[Source "ChessBase"]
[SourceDate "2024.10.14"]
[SourceVersion "1"]
[SourceVersionDate "2024.10.14"]
[SourceQuality "1"]
[WhiteTeam "Biberach"]
[BlackTeam "Heilbronn II"]
[WhiteTeamCountry "GER"]
[BlackTeamCountry "GER"]

1. Nf3 d5 2. g3 c5 3. Bg2 Nc6 4. d4 e6 5. 0-0 cxd4 6. Nxd4 Bc5 7. Nxc6 bxc6 8. c4 Ne7 9. Nc3 0-0 10. cxd5 cxd5 11. Bf4 Ng6 12. Bd2 Rb8 13. Rb1 Ba6 14. a3 d4 15. Na4 d3 16. e3 Be7 17. f4 Qd7 18. b4 Rfc8 19. Nc3 Bb7 20. Bxb7 Rxb7 21. Qf3 Rbc7 22. Rb3 f5 23. b5 Bf6 24. Na4 Rc4 25. Rb4 Rxb4 26. axb4 Qxb5 27. Nc5 a5 28. Nxe6 Rc2 29. Rd1 axb4 30. Bxb4 Qxb4 31. Qd5 Qe4 32. Rxd3 Qxd5 33. Rxd5 Kf7 34. Nd4 Bxd4 35. Rxd4 Re2 36. Rd3 Nf8 37. h4 Ne6 38. Kf1 Ra2 39. Rd7+ Kf6 40. Rd6 h5 41. Rb6 g6 42. Rc6 Kf7 43. Rc4 Ra5 44. e4 fxe4 45. Rxe4 Ra3 46. Kg2 Ng7 0-1

[Event "Wuerttemberg-chT Rapid"]
[Site "Boeblingen"]
[Date "2024.04.13"]
[Round "8.17"]
[White "Gabriel, Robert A"]
[Black "Oberst, Thomas"]
[Result "1-0"]
[WhiteElo "2161"]
[BlackElo "2227"]
[PlyCount "90"]
[EventDate "2024.04.13"]
[EventType "team-tourn"]
[EventRounds "9"]
[EventCountry "GER"]
[SourceTitle "CBM 219 Extra"]
[Source "ChessBase"]
[SourceDate "2024.05.31"]
[SourceVersion "1"]
[SourceVersionDate "2024.05.31"]
[SourceQuality "1"]

1. d4 Nf6 2. Nf3 g6 3. c4 Bg7 4. Nc3 d5 5. cxd5 Nxd5 6. e4 Nxc3 7. bxc3 c5 8. Bb5+ Bd7 9. Bxd7+ Nxd7 10. 0-0 0-0 11. Rb1 b6 12. Be3 cxd4 13. cxd4 Nf6 14. Nd2 Qd7 15. h3 Rac8 16. Qb3 e6 17. Rfc1 h6 18. a4 g5 19. f3 Nh5 20. e5 Nf4 21. Bxf4 gxf4 22. Qb4 Rxc1+ 23. Rxc1 Rd8 24. Nb3 Rc8 25. Rc4 Rxc4 26. Qxc4 Qd5 27. Qxd5 exd5 28. Nc1 f6 29. Nd3 fxe5 30. dxe5 d4 31. e6 a6 32. Kf1 b5 33. axb5 axb5 34. Nxf4 b4 35. Ke2 b3 36. Nd3 Kf8 37. f4 Ke7 38. f5 h5 39. g4 hxg4 40. hxg4 Bh6 41. Kd1 Bg5 42. Nc5 b2 43. Kc2 Kd6 44. Ne4+ Ke5 45. Nxg5 Kd6 1-0

[Event "Wuerttemberg-chT Rapid"]
[Site "Boeblingen"]
[Date "2024.04.13"]
[Round "4.5"]
[White "Oberst, Thomas"]
[Black "Peng, Xiang Tobias"]
[Result "0-1"]
[WhiteElo "2227"]
[BlackElo "2187"]
[PlyCount "92"]
[EventDate "2024.04.13"]
[EventType "team-tourn"]
[EventRounds "9"]
[EventCountry "GER"]
[SourceTitle "CBM 219 Extra"]
[Source "ChessBase"]
[SourceDate "2024.05.31"]
[SourceVersion "1"]
[SourceVersionDate "2024.05.31"]
[SourceQuality "1"]

1. e4 c5 2. Nf3 Nc6 3. Bb5 Na5 4. c3 a6 5. Ba4 b5 6. Bc2 e6 7. d4 Bb7 8. dxc5 Nf6 9. e5 Nd5 10. 0-0 Be7 11. b4 Nc4 12. Bb3 a5 13. Bxc4 bxc4 14. Bd2 0-0 15. Qc1 f6 16. Na3 Qc7 17. Nb5 Qc8 18. Nd6 Bxd6 19. exd6 e5 20. Qc2 Qc6 21. Qe4 axb4 22. cxb4 Qb5 23. Rfc1 c3 24. Be3 Nf4 25. Qc2 Ne2+ 26. Kh1 Nxc1 27. Rxc1 Qc4 28. Qxc3 Qxc3 29. Rxc3 Rxa2 30. Rb3 Ra1+ 31. Ng1 Rfa8 32. h3 f5 33. f4 R8a2 34. b5 Bxg2+ 35. Kh2 Bd5+ 36. Kg3 Bxb3 37. c6 dxc6 38. d7 Rd1 39. bxc6 Ba4 40. fxe5 Bxc6 41. e6 Bxd7 42. exd7 Rxd7 43. Kf4 g6 44. Nf3 Ra4+ 45. Kg3 Rd3 46. Bc5 Rc4 0-1

[Event "Oberliga Wuerttemberg 2223"]
[Site "Wuerttemberg"]
[Date "2022.09.18"]
[Round "1.2"]
[White "Oberst, Thomas"]
[Black "Manoeuvre, Antoine"]
[Result "1-0"]
[WhiteElo "2258"]
[BlackElo "2320"]
[PlyCount "107"]
[EventDate "2022.09.18"]
[EventType "team-tourn"]
[EventRounds "9"]
[EventCountry "GER"]
[SourceTitle "EXT 2025"]
[Source "ChessBase"]
[SourceDate "2024.10.14"]
[SourceVersion "1"]
[SourceVersionDate "2024.10.14"]
[SourceQuality "1"]
[WhiteTeam "Biberach"]
[BlackTeam "Schwaebisch Hall"]
[WhiteTeamCountry "GER"]
[BlackTeamCountry "GER"]

1. c4 Nf6 2. Nc3 g6 3. g3 Bg7 4. Bg2 0-0 5. d3 d6 6. e4 a6 7. Nge2 c6 8. 0-0 Qa5 9. a3 c5 10. Bd2 Nc6 11. b4 cxb4 12. axb4 Qh5 13. Rb1 Bh3 14. Nf4 Qxd1 15. Rfxd1 Bxg2 16. Kxg2 e6 17. h4 Rfd8 18. b5 Nd4 19. Nce2 Nxe2 20. Nxe2 Nd7 21. Bg5 Rdc8 22. Be7 Bf8 23. Bxf8 Kxf8 24. Nc3 Nc5 25. bxa6 bxa6 26. d4 Nd7 27. Rb7 Ke8 28. e5 dxe5 29. Ne4 Rc6 30. dxe5 Nxe5 31. f4 Ng4 32. Rdd7 Nh6 33. Nd6+ Rxd6 34. Rxd6 Rc8 35. Rxa6 Kf8 36. Rb4 Nf5 37. Kf2 h5 38. Ra2 Nd6 39. Rc2 Rc5 40. Kf3 Ke7 41. Rc3 Kd7 42. Ra4 Kc7 43. Ke3 e5 44. fxe5 Rxe5+ 45. Kd4 f6 46. Rf3 Re4+ 47. Kd3 Rg4 48. Rxf6 Rxg3+ 49. Kd4 Nb5+ 50. Kc5 Nc3 51. Rf7+ Kb8 52. Rb4+ Ka8 53. Kc6 Re3 54. Rf8+ 1-0

[Event "Oberliga Wuerttemberg 1819"]
[Site "Wuerttemberg"]
[Date "2018.09.23"]
[Round "1"]
[White "Hasenohr, Benedict"]
[Black "Oberst, Thomas"]
[Result "0-1"]
[WhiteElo "2287"]
[BlackElo "2263"]
[PlyCount "94"]
[EventDate "2018.09.23"]
[EventType "team-tourn"]
[EventRounds "9"]
[EventCountry "GER"]
[SourceTitle "EXT 2020"]
[Source "ChessBase"]
[SourceDate "2019.10.17"]
[SourceVersion "1"]
[SourceVersionDate "2019.10.17"]
[SourceQuality "1"]
[WhiteTeam "Weiler im Allgaeu"]
[BlackTeam "Biberach"]
[WhiteTeamCountry "GER"]
[BlackTeamCountry "GER"]

1. d4 b5 2. Bf4 Nf6 3. e3 Bb7 4. Nf3 b4 5. Bd3 e6 6. 0-0 Be7 7. h3 0-0 8. c4 c5 9. Nbd2 d6 10. Bh2 Qb6 11. Qe2 Nc6 12. dxc5 dxc5 13. e4 Nd4 14. Nxd4 cxd4 15. c5 Bxc5 16. Nc4 Qd8 17. e5 Nd7 18. Qh5 g6 19. Qg4 Bd5 20. Rac1 Bxc4 21. Rxc4 Qa5 22. Rfc1 Bb6 23. Qe2 Qxa2 24. Bf4 Qa5 25. R4c2 Nc5 26. Bc4 d3 27. Bxd3 Nb3 28. Qf3 Nxc1 29. Rxc1 Bd4 30. Qg3 Bxb2 31. Re1 Bc3 32. Re3 Bd2 33. Bg5 f5 34. exf6 Bxe3 35. Qxe3 Qa1+ 36. Kh2 Rxf6 37. Qe4 Raf8 38. Bc4 Rxf2 39. Bxe6+ Kg7 40. Be3 Qa6 41. Qe5+ R2f6 42. Bd4 Qc6 43. Bd5 Qd7 44. g4 h6 45. h4 Kh7 46. Bc5 Rf2+ 47. Kg3 R8f4 0-1

[Event "Oberliga Wuerttemberg 1718"]
[Site "Wuerttemberg"]
[Date "2017.10.08"]
[Round "2"]
[White "Oberst, Thomas"]
[Black "Krassowizkij, Jaroslaw"]
[Result "0-1"]
[WhiteElo "2270"]
[BlackElo "2442"]
[PlyCount "110"]
[EventDate "2017.09.17"]
[EventType "team-tourn"]
[EventRounds "9"]
[EventCountry "GER"]
[SourceTitle "EXT 2019"]
[Source "ChessBase"]
[SourceDate "2018.10.10"]
[SourceVersion "1"]
[SourceVersionDate "2018.10.10"]
[SourceQuality "1"]
[WhiteTeam "Biberach"]
[BlackTeam "Jedesheim"]
[WhiteTeamCountry "GER"]
[BlackTeamCountry "GER"]

1. c4 g6 2. Nc3 c5 3. g3 Bg7 4. Bg2 Nf6 5. d3 0-0 6. e4 Nc6 7. Nge2 Ne8 8. h4 h5 9. g4 hxg4 10. h5 d6 11. hxg6 fxg6 12. Be3 e5 13. Qd2 Nf6 14. Ng3 Qe7 15. 0-0-0 Nd4 16. Rdf1 Be6 17. f4 gxf3 18. Bxf3 Nxf3 19. Rxf3 Ng4 20. Bg5 Qd7 21. Rhf1 Rxf3 22. Rxf3 Rf8 23. Rxf8+ Bxf8 24. a3 Qf7 25. Kb1 a6 26. Nd5 b5 27. Ne2 Bxd5 28. cxd5 Qf1+ 29. Ka2 Nh2 30. Bh6 Be7 31. Nc1 Nf3 32. Qa5 Kh7 33. Be3 Bg5 34. Qc7+ Kh6 35. Bxg5+ Kxg5 36. Nb3 c4 37. dxc4 bxc4 38. Qxd6 cxb3+ 39. Kxb3 Nd4+ 40. Ka2 Qc4+ 41. Kb1 Qc2+ 42. Ka2 Qc4+ 43. Kb1 Nf3 44. Qe7+ Kf4 45. Qf6+ Kxe4 46. Qxg6+ Kxd5 47. Qf7+ Kd4 48. Qxf3 Qd3+ 49. Qxd3+ Kxd3 50. Kc1 Ke2 51. b4 e4 52. a4 e3 53. b5 axb5 54. axb5 Kf2 55. b6 e2 0-1

[Event "Oberliga Wuerttemberg 1314"]
[Site "Wuerttemberg"]
[Date "2013.10.13"]
[Round "1.3"]
[White "Trachtmann, Mark"]
[Black "Oberst, Thomas"]
[Result "1/2-1/2"]
[WhiteElo "2248"]
[BlackElo "2214"]
[PlyCount "96"]
[EventDate "2013.10.13"]
[EventType "team-tourn"]
[EventRounds "9"]
[EventCountry "GER"]
[SourceTitle "EXT 2019"]
[Source "ChessBase"]
[SourceDate "2018.10.10"]
[SourceVersion "1"]
[SourceVersionDate "2018.10.10"]
[SourceQuality "1"]
[WhiteTeam "Schmiden Cannstatt"]
[BlackTeam "Ulm Post"]
[WhiteTeamCountry "GER"]
[BlackTeamCountry "GER"]

1. d4 Nf6 2. c4 g6 3. Nc3 d5 4. e3 Bg7 5. Qb3 c6 6. Nf3 0-0 7. a4 Qb6 8. Qa3 Re8 9. a5 Qc7 10. Bd2 e6 11. Rc1 Qd8 12. Bd3 Nbd7 13. cxd5 exd5 14. a6 b5 15. Na2 Nb8 16. Ba5 Qd7 17. Ne5 Qe6 18. Bc7 Nfd7 19. Nxd7 Qxd7 20. Bxb8 Rxb8 21. Qc3 Rb6 22. Nb4 Bxa6 23. Ra1 Bc8 24. 0-0 Bf8 25. Rfc1 Re6 26. Be2 a6 27. Nd3 Bd6 28. Nc5 Bxc5 29. Qxc5 Rb8 30. Bf3 Qd6 31. b4 Qxc5 32. Rxc5 Bb7 33. g3 Ra8 34. Ra5 Kg7 35. Kg2 Re7 36. Rc3 f5 37. Bd1 Kf7 38. Bc2 Ke6 39. Ra1 Kd6 40. Rca3 Rf8 41. h4 Rg7 42. Rh1 h6 43. Raa1 Kc7 44. f3 Re7 45. Kf2 Bc8 46. Ra3 Kb6 47. Raa1 Rfe8 48. Ra3 Rf8 1/2-1/2

[Event "Oberliga Wuerttemberg 1112"]
[Site "Wuerttemberg"]
[Date "2012.04.15"]
[Round "9.3"]
[White "Oberst, Thomas"]
[Black "Weiss, Oliver"]
[Result "0-1"]
[WhiteElo "2297"]
[BlackElo "2252"]
[PlyCount "133"]
[EventDate "2011.10.09"]
[EventType "team-tourn"]
[EventRounds "9"]
[EventCountry "GER"]
[SourceTitle "EXT 2019"]
[Source "ChessBase"]
[SourceDate "2018.10.10"]
[SourceVersion "1"]
[SourceVersionDate "2018.10.10"]
[SourceQuality "1"]
[WhiteTeam "Ulm Post"]
[BlackTeam "Biberach"]
[WhiteTeamCountry "GER"]
[BlackTeamCountry "GER"]

1. c4 e6 2. Nf3 Nf6 3. g3 d5 4. cxd5 exd5 5. Bg2 Be7 6. 0-0 0-0 7. d4 c6 8. Nc3 Bf5 9. a3 h6 10. b4 Ne4 11. Qb3 Nxc3 12. Qxc3 Qb6 13. Bd2 Nd7 14. Rfd1 Nf6 15. Be1 Rfe8 16. e3 Ne4 17. Qc1 Nd6 18. h3 a6 19. Ne5 Bf6 20. Nd3 g5 21. a4 h5 22. Nc5 Qc7 23. Bc3 Kg7 24. Re1 h4 25. g4 Bg6 26. Bb2 Qe7 27. Qd1 Kh6 28. Rc1 Bg7 29. Nd3 f5 30. Ne5 Bxe5 31. dxe5 Nc4 32. Bc3 Nxe5 33. f4 Nf7 34. Qd4 Rg8 35. Rf1 fxg4 36. hxg4 Rae8 37. Rce1 Be4 38. Bxe4 dxe4 39. f5 Ne5 40. Qxe4 Nd7 41. Qd3 Nf6 42. Bxf6 Qxf6 43. e4 Rd8 44. Qe3 Qd4 45. f6 Kg6 46. e5 Qxe3+ 47. Rxe3 Rgf8 48. Re4 Rde8 49. Rd1 Rxf6 50. Rd7 Rf7 51. Rd6+ Kg7 52. e6 Rfe7 53. Re5 Kf6 54. Rf5+ Kg6 55. Re5 Rf8 56. Kg2 Rf4 57. Kh3 Kf6 58. Re3 Rxb4 59. a5 Rf4 60. Re2 Rf3+ 61. Kh2 Rg3 62. Re4 Ra3 63. Re2 Rxa5 64. Rf2+ Kg6 65. Rd8 Re5 66. Rg8+ Rg7 67. Re8 0-1

[Event "Oberliga Wuerttemberg 1112"]
[Site "Wuerttemberg"]
[Date "2012.03.18"]
[Round "8.3"]
[White "Seyfried, Claus"]
[Black "Oberst, Thomas"]
[Result "0-1"]
[WhiteElo "2144"]
[BlackElo "2297"]
[PlyCount "92"]
[EventDate "2011.10.09"]
[EventType "team-tourn"]
[EventRounds "9"]
[EventCountry "GER"]
[SourceTitle "EXT 2019"]
[Source "ChessBase"]
[SourceDate "2018.10.10"]
[SourceVersion "1"]
[SourceVersionDate "2018.10.10"]
[SourceQuality "1"]
[WhiteTeam "Stuttgart SF II"]
[BlackTeam "Ulm Post"]
[WhiteTeamCountry "GER"]
[BlackTeamCountry "GER"]

1. e4 c5 2. c3 Nf6 3. e5 Nd5 4. d4 cxd4 5. Nf3 Nc6 6. cxd4 e6 7. Bc4 Nb6 8. Bb3 d5 9. Nc3 Be7 10. Qd3 f5 11. exf6 Bxf6 12. 0-0 0-0 13. Re1 a6 14. a3 Bd7 15. Bc2 g6 16. Bh6 Bg7 17. Bxg7 Kxg7 18. Rad1 Nc4 19. Qe2 b5 20. Bb1 Qb6 21. Ba2 Rf6 22. Bxc4 bxc4 23. Ne5 Nxe5 24. Qxe5 Qxb2 25. Qe3 Qb8 26. Rb1 Qc7 27. Rb2 Rb8 28. Rxb8 Qxb8 29. Rb1 Qc7 30. h4 Rf5 31. g4 Rf4 32. Qg3 Bc8 33. Ne2 Rf7 34. Qe3 h6 35. Kg2 Kh7 36. f4 e5 37. dxe5 Bxg4 38. Nd4 h5 39. Kg3 Re7 40. Nf3 Bxf3 41. Kxf3 Qd7 42. Rg1 Qh3+ 43. Rg3 Qxh4 44. Qb6 Qh1+ 45. Kf2 Qe4 46. Qf6 Rb7 0-1

[Event "Oberliga Wuerttemberg 1112"]
[Site "Wuerttemberg"]
[Date "2012.02.05"]
[Round "6.2"]
[White "Oberst, Thomas"]
[Black "Jurek, Josef"]
[Result "1-0"]
[WhiteElo "2297"]
[BlackElo "2337"]
[PlyCount "91"]
[EventDate "2011.10.09"]
[EventType "team-tourn"]
[EventRounds "9"]
[EventCountry "GER"]
[SourceTitle "EXT 2019"]
[Source "ChessBase"]
[SourceDate "2018.10.10"]
[SourceVersion "1"]
[SourceVersionDate "2018.10.10"]
[SourceQuality "1"]
[WhiteTeam "Ulm Post"]
[BlackTeam "Schwaebisch Gmuend"]
[WhiteTeamCountry "GER"]
[BlackTeamCountry "GER"]

1. c4 e6 2. Nf3 d5 3. cxd5 exd5 4. d4 c6 5. Nc3 Bd6 6. Bg5 Ne7 7. Qd2 Bf5 8. Bf4 0-0 9. Bxd6 Qxd6 10. e3 Nd7 11. Be2 Rfe8 12. 0-0 Ng6 13. a3 a5 14. b3 Qe7 15. Rfc1 Nh4 16. Nxh4 Qxh4 17. b4 axb4 18. axb4 Rxa1 19. Rxa1 b5 20. Ra6 Nb8 21. Ra8 Qe7 22. Qb2 h6 23. Na2 g5 24. Nc1 Nd7 25. Ra7 Qd6 26. Ra6 Kg7 27. Qc3 Nb8 28. Ra8 Bg6 29. Bf3 Re6 30. Nb3 Nd7 31. Ra6 Nb8 32. Ra7 Re7 33. Ra8 f5 34. Qc5 Qxc5 35. Nxc5 Re8 36. Ra7+ Kg8 37. h3 f4 38. exf4 gxf4 39. Rb7 Bf5 40. Kh2 Rd8 41. Bg4 Bxg4 42. hxg4 Re8 43. f3 Kh8 44. Kh3 Kg8 45. Kh4 Re1 46. Kh5 1-0

[Event "Oberliga Wuerttemberg 0910"]
[Site "Wuerttemberg"]
[Date "2009.12.20"]
[Round "4.2"]
[White "Oberst, Thomas"]
[Black "Gabriel, Robert A"]
[Result "1/2-1/2"]
[WhiteElo "2232"]
[BlackElo "2089"]
[PlyCount "102"]
[EventDate "2009.10.11"]
[EventType "team-tourn"]
[EventRounds "9"]
[EventCountry "GER"]
[SourceTitle "EXT 2019"]
[Source "ChessBase"]
[SourceDate "2018.10.10"]
[SourceVersion "1"]
[SourceVersionDate "2018.10.10"]
[SourceQuality "1"]
[WhiteTeam "Ulm Post"]
[BlackTeam "Stuttgart SF II"]
[WhiteTeamCountry "GER"]
[BlackTeamCountry "GER"]

1. e4 c5 2. Nc3 e6 3. g3 d5 4. exd5 exd5 5. d4 Nc6 6. Be3 Nf6 7. Bg2 cxd4 8. Bxd4 Be7 9. Nge2 Nxd4 10. Qxd4 Be6 11. Nf4 Qa5 12. 0-0 Rd8 13. Rfe1 0-0 14. Qa4 Qb6 15. Qb5 Bc5 16. Qxb6 Bxb6 17. Na4 Rd6 18. Nxb6 Rxb6 19. b3 g5 20. Ne2 Rc8 21. Nd4 h6 22. Rad1 Kg7 23. Rd2 Kg6 24. a3 a5 25. a4 Rc5 26. f3 Ne8 27. Bf1 Nc7 28. g4 Kf6 29. Kf2 Rb4 30. Kg3 Bd7 31. Re3 Ne6 32. Nxe6 fxe6 33. Bd3 b5 34. axb5 Bxb5 35. h4 Bxd3 36. Rexd3 a4 37. hxg5+ hxg5 38. bxa4 Rxa4 39. Rh2 Rac4 40. Rh6+ Kf7 41. Re3 Rc6 42. Re5 Rxc2 43. Rxg5 Re2 44. Rxd5 Kg7 45. Rdh5 Rc3 46. Rh7+ Kg6 47. R5h6+ Kg5 48. Rh2 Ree3 49. Rf7 Kg6 50. Rf8 Kg7 51. Rhh8 Rxf3+ 1/2-1/2

[Event "Oberliga Wuerttemberg 0809"]
[Site "Wuerttemberg"]
[Date "2009.03.01"]
[Round "7.2"]
[White "Weigand, Bernhard"]
[Black "Oberst, Thomas"]
[Result "1-0"]
[WhiteElo "2289"]
[BlackElo "2216"]
[PlyCount "107"]
[EventDate "2008.10.12"]
[EventType "team-tourn"]
[EventRounds "9"]
[EventCountry "GER"]
[SourceTitle "EXT 2019"]
[Source "ChessBase"]
[SourceDate "2018.10.10"]
[SourceVersion "1"]
[SourceVersionDate "2018.10.10"]
[SourceQuality "1"]
[WhiteTeam "Deizisau"]
[BlackTeam "Ulm Post"]
[WhiteTeamCountry "GER"]
[BlackTeamCountry "GER"]

1. e4 c5 2. b3 d6 3. Bb2 Nc6 4. g3 e5 5. Bg2 g6 6. Ne2 Bg7 7. 0-0 Nge7 8. Nbc3 0-0 9. Nd5 f5 10. d3 Be6 11. c4 Qd7 12. f4 fxe4 13. dxe4 Nd4 14. Nxd4 exd4 15. Qd3 Nc6 16. a3 b6 17. Rae1 Rab8 18. Rc1 a6 19. b4 Kh8 20. Rf2 Bh6 21. h4 Qa7 22. Rfc2 Bg7 23. Kh2 Ne7 24. Bf3 Nxd5 25. cxd5 Bd7 26. Rf2 Rbc8 27. Qd1 a5 28. Kg2 Qc7 29. Rd2 Ra8 30. Bxd4 Bxd4 31. Rxd4 axb4 32. axb4 Ba4 33. Qd2 Qg7 34. Rd3 c4 35. Re3 Bb3 36. Qc3 Ra4 37. e5 b5 38. Bg4 h5 39. Be6 Ra2+ 40. Kf3 Qa7 41. exd6+ Kh7 42. Bh3 Rf7 43. Be6 Rf8 44. d7 Qa4 45. d8Q Bd1+ 46. Ke4 Rxd8 47. Qf6 Ra8 48. Qe7+ Kh8 49. Ke5 Bc2 50. Kf6 Qa7 51. d6 Qxe7+ 52. dxe7 Bd3 53. Rxd3 cxd3 54. Bxa2 1-0

[Event "Oberliga Wuerttemberg 0809"]
[Site "Wuerttemberg"]
[Date "2008.10.26"]
[Round "2.2"]
[White "Oberst, Thomas"]
[Black "Schnepp, Gunnar"]
[Result "0-1"]
[WhiteElo "2216"]
[BlackElo "2245"]
[PlyCount "72"]
[EventDate "2008.10.12"]
[EventType "team-tourn"]
[EventRounds "9"]
[EventCountry "GER"]
[SourceTitle "EXT 2019"]
[Source "ChessBase"]
[SourceDate "2018.10.10"]
[SourceVersion "1"]
[SourceVersionDate "2018.10.10"]
[SourceQuality "1"]
[WhiteTeam "Ulm Post"]
[BlackTeam "Schmiden/Cannstatt"]
[WhiteTeamCountry "GER"]
[BlackTeamCountry "GER"]

1. Nf3 c5 2. g3 Nc6 3. d4 cxd4 4. Nxd4 g6 5. Nxc6 bxc6 6. Bg2 Bg7 7. 0-0 Nf6 8. Nc3 0-0 9. e4 d6 10. Rb1 Bg4 11. Qd3 Qd7 12. b3 Bh3 13. Bb2 Rfc8 14. Na4 Qe6 15. Rfe1 Bxg2 16. Kxg2 c5 17. c4 Nd7 18. Bxg7 Kxg7 19. f4 Rd8 20. Rbd1 Nf8 21. Nc3 Qd7 22. f5 Qb7 23. Nd5 f6 24. Qc3 a5 25. g4 g5 26. h4 gxh4 27. g5 Nd7 28. Nxe7 Ne5 29. gxf6+ Kxf6 30. Nd5+ Kf7 31. Kh3 Rg8 32. Rg1 a4 33. Kxh4 axb3 34. axb3 Ra3 35. Rxg8 Kxg8 36. Qc1 Nf3+ 0-1

[Event "Oberliga Wuerttemberg 0809"]
[Site "Wuerttemberg"]
[Date "2008.10.12"]
[Round "1.2"]
[White "Jurek, Josef"]
[Black "Oberst, Thomas"]
[Result "0-1"]
[WhiteElo "2335"]
[BlackElo "2216"]
[PlyCount "116"]
[EventDate "2008.10.12"]
[EventType "team-tourn"]
[EventRounds "9"]
[EventCountry "GER"]
[SourceTitle "EXT 2019"]
[Source "ChessBase"]
[SourceDate "2018.10.10"]
[SourceVersion "1"]
[SourceVersionDate "2018.10.10"]
[SourceQuality "1"]
[WhiteTeam "Schwaebisch Gmuend"]
[BlackTeam "Ulm Post"]
[WhiteTeamCountry "GER"]
[BlackTeamCountry "GER"]

1. d4 Nf6 2. c4 g6 3. g3 d5 4. cxd5 Nxd5 5. Bg2 Bg7 6. e4 Nb6 7. Ne2 e5 8. d5 c6 9. Nec3 0-0 10. 0-0 cxd5 11. exd5 Na6 12. b3 Bf5 13. Ba3 Re8 14. Nd2 Bd3 15. Re1 f5 16. Rc1 e4 17. f3 Bxc3 18. Rxc3 Nxd5 19. Rc1 Qb6+ 20. Kh1 Ne3 21. Rxe3 Qxe3 22. fxe4 fxe4 23. Nc4 Bxc4 24. Rxc4 Rad8 25. Qf1 Qd3 26. Qf6 Qd1+ 27. Bf1 Qf3+ 28. Qxf3 exf3 29. Rf4 Rd1 30. Rxf3 Re2 31. Kg1 Rxa2 32. Bf8 h5 33. h3 Nc7 34. Bh6 Ne6 35. Be3 Kg7 36. h4 Nd4 37. Rf2 Rxf2 38. Kxf2 Nxb3 39. Bxa7 Nd4 40. Bc4 Nf5 41. Bb8 Kf6 42. Bf4 Rd4 43. Be2 Rb4 44. Bd2 Rb3 45. Bg5+ Kg7 46. Bf4 b5 47. Bf3 Rb2+ 48. Be2 Kf6 49. Bc1 Rc2 50. Bg5+ Ke5 51. Ke1 Rxe2+ 52. Kxe2 Nxg3+ 53. Ke3 Kf5 54. Kf3 Ne4 55. Be7 Nc3 56. Bd8 Nd5 57. Ke2 Kg4 58. Kd3 Nf4+ 0-1

[Event "Ulm/Neu Ulm-ch"]
[Site "Ulm/Neu Ulm"]
[Date "2007.11.16"]
[Round "5"]
[White "Hoersch, Heiner"]
[Black "Oberst, Thomas"]
[Result "1-0"]
[WhiteElo "2016"]
[BlackElo "2263"]
[PlyCount "89"]
[EventDate "2007.09.21"]
[EventType "swiss"]
[EventRounds "7"]
[EventCountry "GER"]
[SourceTitle "EXT 2011"]
[Source "ChessBase"]
[SourceDate "2010.11.26"]
[SourceVersion "1"]
[SourceVersionDate "2010.11.26"]
[SourceQuality "1"]

1. d4 Nf6 2. g3 d5 3. Bg2 c6 4. c4 dxc4 5. Na3 Be6 6. Nh3 Bxh3 7. Bxh3 b5 8. Bg2 a6 9. 0-0 e6 10. Nc2 Be7 11. a4 Ra7 12. e4 Rd7 13. e5 Nd5 14. Qg4 Kf8 15. Bd2 h5 16. Qe2 g6 17. Ne3 Kg7 18. axb5 axb5 19. b3 cxb3 20. Nxd5 exd5 21. Rab1 Ra7 22. Rxb3 Qd7 23. Rc1 Ra4 24. Qe3 h4 25. gxh4 Rxh4 26. Bh3 Qa7 27. e6 f5 28. Qg3 Kh7 29. Bf4 Rc4 30. Rd1 Na6 31. Be5 Rh5 32. Kh1 Bh4 33. Qe3 Nb4 34. Ra3 Na6 35. Bd6 Be7 36. Rxa6 Qxa6 37. Bxe7 Qa4 38. Qd3 Rc3 39. Qxc3 Qxd1+ 40. Kg2 f4 41. Bf6 Qe2 42. e7 g5 43. Qf3 Qxf3+ 44. Kxf3 Rxh3+ 45. Kg4 1-0

[Event "Oberliga Wuerttemberg 0708"]
[Site "Wuerttemberg"]
[Date "2007.10.21"]
[Round "2.2"]
[White "Oberst, Thomas"]
[Black "Gheng, Josef"]
[Result "1-0"]
[WhiteElo "2309"]
[BlackElo "2326"]
[PlyCount "87"]
[EventDate "2007.10.07"]
[EventType "team-tourn"]
[EventRounds "9"]
[EventCountry "GER"]
[SourceTitle "EXT 2018"]
[Source "ChessBase"]
[SourceDate "2017.10.13"]
[SourceVersion "1"]
[SourceVersionDate "2017.10.13"]
[SourceQuality "1"]
[WhiteTeam "Ulm Post"]
[BlackTeam "Boeblingen"]
[WhiteTeamCountry "GER"]
[BlackTeamCountry "GER"]

1. c4 Nf6 2. Nf3 e6 3. g3 b6 4. Bg2 Bb7 5. 0-0 c5 6. b3 d5 7. cxd5 Qxd5 8. Nc3 Qc6 9. Bb2 Nbd7 10. Rc1 Be7 11. d4 0-0 12. e3 Rfd8 13. Qe2 Qc8 14. Rfd1 Bc6 15. e4 Re8 16. d5 exd5 17. exd5 Bb7 18. Qd2 Bf8 19. Qf4 a6 20. a4 b5 21. Nh4 b4 22. Nb1 Re2 23. Nd2 Qe8 24. Nc4 Ne4 25. Qf3 Nd6 26. Bxg7 Nxc4 27. Bxf8 Nxf8 28. bxc4 Ng6 29. Nf5 Qe5 30. Nh6+ Kg7 31. Ng4 Qe7 32. Ne3 Rxe3 33. Qxe3 Qxe3 34. fxe3 Ne5 35. d6 Bxg2 36. Kxg2 b3 37. Rb1 Kf6 38. Rxb3 Ke6 39. d7 Nxd7 40. Rd5 Rc8 41. e4 Rc6 42. a5 f6 43. Rb7 Ne5 44. Rb6 1-0